000 00338nam a22001097a 4500
008 230626b xxu||||| |||| 00| 0 eng d
082 _a328.33
_bCPA 1979
245 _aSummary of Proceedings of the Twenty-Eighth Parliamentary Seminar
260 _aLondon
_bCommonwealth Parliamentary Association
_c1979
300 _aXI,126p
942 _2ddc
_cBK
999 _c2641
_d2641